Why not be a personnel specialist.

Bibliographic Details
Corporate Author: United States. Women's Bureau
Format: Government Document Book
Language:English
Published: Washington, D.C. : U.S. Dept. of Labor, Wage and Labor Standards Administration, Women's Bureau : 1968.
Series:Careers for women.
Leaflet (United States. Women's Bureau) ; 48.
Subjects:

MARC

Tag First Indicator Second Indicator Subfields
LEADER 00000cam a2200000Ia 4500
001 in00002440113
005 20151109174915.0
008 001211s1968 dcua f000 0 eng d
035 |a (OCoLC)ocm45646614 
035 |a (OCoLC)45646614 
040 |a CUT  |c CUT  |d OHI  |d OCL  |d OCLCQ  |d TXA  |d UtOrBLW 
049 |a TXAM 
086 0 |a L 13.11:48 
245 0 0 |a Why not be a personnel specialist. 
264 1 |a Washington, D.C. :  |b U.S. Dept. of Labor, Wage and Labor Standards Administration, Women's Bureau :  |c 1968. 
264 2 |a Washington, D.C. :  |b For sale by the Supt. of Docs., U.S. G.P.O., 
300 |a 1 folded sheet (8 unnumbered pages) ;  |c 23 cm. 
336 |a text  |b txt  |2 rdacontent 
337 |a unmediated  |b n  |2 rdamedia 
338 |a sheet  |b nb  |2 rdacarrier 
490 1 |a Careers for women 
490 1 |a Leaflet / U.S. Dept. of Labor, Wage and Labor Standards Administration, Women's Bureau ;  |v 48 
650 0 |a Personnel management  |x Vocational guidance. 
710 1 |a United States.  |b Women's Bureau. 
830 0 |a Careers for women. 
830 0 |a Leaflet (United States. Women's Bureau) ;  |v 48. 
948 |a cataloged  |b h  |c 2008/11/7  |d c  |e spoltoratski  |f 11:56:54 am 
994 |a C0  |b TXA 
999 |a MARS 
999 f f |s 6b4e36a9-c1b9-30fc-b1be-fdd2bef782e6  |i 0d6e26fd-9bab-38e2-b44b-7d48e8c915c0  |t 0 
952 f f |p normal  |a Texas A&M University  |b College Station  |c Sterling C. Evans Library  |d Evans: US Documents (Annex 5th floor)  |t 0  |e L 13.11:48  |h Superintendent of Documents classification  |i unmediated -- sheet  |m A14837218712 
998 f f |a L 13.11:48  |t 0  |l Evans: US Documents (Annex 5th floor)